000 00539nam a22001577a 4500
008 230912b |||||||| |||| 00| 0 eng d
020 _a1573562254
050 _aLB2342.8
_b.S77 1984
100 _aHarvey, James
245 _aStraight talk about college costs and prices
_bReport of The National commission on the cost of higher education
_cJames Harvey , Rita Kirshstein and Jane Wellman
260 _aIndia
_bThe Oryx Press
_c1984
300 _axiv, 322p.
700 _aKirshstein, Rita
700 _aWellman, Jane V.
942 _2lcc
_cBK
999 _c20276
_d20275